Normal view
MARC view
- Supervisor: Dr. Muhammad Rizwan ul Haq
Entry Personal Name
001 - CONTROL NUMBER
- control field: 126485
003 - CONTROL NUMBER IDENTIFIER
- control field: NUST
005 - DATE AND TIME OF LATEST TRANSACTION
- control field: 20241024151911.0
008 - FIXED-LENGTH DATA ELEMENTS
- fixed length control field: 241024|| aca||aabn | a|a d
040 ## - CATALOGING SOURCE
- Original cataloging agency: NUST
- Transcribing agency: NUST
100 ## - HEADING--PERSONAL NAME
- Personal name: Supervisor: Dr. Muhammad Rizwan ul Haq
670 ## - SOURCE DATA FOUND
- Source citation: Work cat.: (NUST): Khan ,Mehmood 126484, Energy Absorption of Hybrid Lattice Structure based crash box designed for Additive manufacturing /
